Detalles MARC
| 000 -CABECERA |
| campo de control de longitud fija |
02057nam a2200325 i 4500 |
| 003 - IDENTIFICADOR DEL NÚMERO DE CONTROL |
| campo de control |
DO-SdBNP |
| 005 - FECHA Y HORA DE LA ÚLTIMA TRANSACCIÓN |
| campo de control |
20250407121055.0 |
| 007 - CAMPO FIJO DE DESCRIPCIÓN FÍSICA--INFORMACIÓN GENERAL |
| campo de control de longitud fija |
ta |
| 008 - DATOS DE LONGITUD FIJA--INFORMACIÓN GENERAL |
| campo de control de longitud fija |
240212b1959 ag ||||| |||| 00| 0 spa d |
| 040 ## - FUENTE DE LA CATALOGACIÓN |
| Centro catalogador/agencia de origen |
DO-SdBNP |
| Lengua de catalogación |
spa |
| Centro/agencia transcriptor |
BNPHU |
| Normas de descripción |
rda |
| 041 ## - CÓDIGO DE LENGUA |
| Código de lengua del texto/banda sonora o título independiente |
spa |
| 082 #4 - NÚMERO DE LA CLASIFICACIÓN DECIMAL DEWEY |
| Número de clasificación |
346.44 |
| Número de documento/Ítem |
M476L |
| Número de edición |
22 |
| 100 1# - ENTRADA PRINCIPAL--NOMBRE DE PERSONA |
| Nombre de persona |
Mazeaud, Henri, |
| Fechas asociadas al nombre |
1900-1993 |
| Término indicativo de función/relación |
autor |
| 9 (RLIN) |
68262 |
| Código de función/relación |
aut. |
| 240 ## - TÍTULO UNIFORME |
| Título uniforme |
Leçons de droit civil. |
| Lenguaje de la obra |
Español |
| 245 10 - MENCIÓN DE TÍTULO |
| Título |
Lecciones de derecho civil / |
| Mención de responsabilidad, etc. |
Henri Mazeaud, León Mazeaud, Jean Mazeaud ; traducción, Luis Alcalá-Zamora y Castillo |
| 264 #4 - PRODUCCIÓN, PUBLICACIÓN, DISTRIBUCIÓN, FABRICACIÓN Y COPYRIGHT |
| Producción, publicación, distribución, fabricación y copyright |
Buenos Aires : |
| Nombre del de productor, editor, distribuidor, fabricante |
Editora Jurídicas Europa-América, |
| Fecha de producción, publicación, distribución, fabricación o copyright |
©1959. |
| 300 ## - DESCRIPCIÓN FÍSICA |
| Extensión |
4 volúmenes en 16 ; |
| Dimensiones |
21 cm. |
| 336 ## - TIPO DE CONTENIDO |
| Término de tipo de contenido |
texto |
| Código de tipo de contenido |
txt |
| Fuente |
rdacontent |
| 337 ## - TIPO DE MEDIO |
| Nombre/término del tipo de medio |
sin mediación |
| Código del tipo de medio |
n |
| Fuente |
rdamedia |
| 338 ## - TIPO DE SOPORTE |
| Nombre/término del tipo de soporte |
volumen |
| Código del tipo de soporte |
nc |
| Fuente |
rdacarrier |
| 500 ## - NOTA GENERAL |
| Nota general |
La traducción de esta obra se realiza bajo la dirección y la responsabilidad del profesor Santiago Sentís Melendo |
| 505 ## - NOTA DE CONTENIDO CON FORMATO |
| Información miscelánea |
Volumen 1 -- |
| Título |
Parte primera -- |
| -- |
Introducción al estudio del derecho privado, derecho objetivo y derechos subjetivos -- |
| Información miscelánea |
Volumen 2 -- |
| Título |
Parte Primera -- |
| -- |
Los sujetos de derechos, Las personas -- |
| Información miscelánea |
Volumen 2. |
| Título |
Parte Segunda -- |
| -- |
Responsabilidad civil. Los cuasicontratos -- |
| Información miscelánea |
Volumen 2. |
| Título |
Parte Tercera -- |
| -- |
Garantías (continuación) . Publicidad inmobiliaria -- |
| Información miscelánea |
Volumen 3 -- |
| Título |
Parte Primera -- |
| -- |
La familia. Constitución de la familia -- |
| Información miscelánea |
Volumen 3 -- |
| Título |
Parte segunda -- |
| -- |
Cumplimiento. Extinción y transmisión de las obligaciones -- |
| Información miscelánea |
Volumen 3 -- |
| Título |
Parte tercera -- |
| -- |
Los principales contratos -- |
| Información miscelánea |
Volumen 4 -- |
| Título |
Parte Primera -- |
| -- |
La familia. Organización de la familia -- Disolución y disgregación de la familia -- |
| Información miscelánea |
Volumen 4 -- |
| Título |
Parte tercera -- |
| -- |
Los principales contratos (continuación) |
| 590 ## - NOTA LOCAL (RLIN) |
| Nota local |
Inventariado, 2024/BT |
| 650 #7 - PUNTO DE ACCESO ADICIONAL DE MATERIA--TÉRMINO DE MATERIA |
| Término de materia o nombre geográfico como elemento de entrada |
Derecho civil |
| Subdivisión geográfica |
Francia |
| 9 (RLIN) |
87298 |
| 700 1# - PUNTO DE ACCESO ADICIONAL--NOMBRE DE PERSONA |
| Nombre de persona |
Mazeaud, León |
| 9 (RLIN) |
84899 |
| Término indicativo de función/relación |
autor |
| Código de función/relación |
aut. |
| 700 1# - PUNTO DE ACCESO ADICIONAL--NOMBRE DE PERSONA |
| Nombre de persona |
Mazeaud, Jean |
| Término indicativo de función/relación |
autor |
| 9 (RLIN) |
68263 |
| Código de función/relación |
aut. |
| 700 1# - PUNTO DE ACCESO ADICIONAL--NOMBRE DE PERSONA |
| Nombre de persona |
Alcalá-Zamora y Castillo, Luis, |
| Término indicativo de función/relación |
traductor |
| 9 (RLIN) |
68264 |
| Código de función/relación |
tr. |
| 910 ## - DATOS DE OPCIÓN DEL USUARIO (OCLC) |
| Datos de opción del usuario |
Btavárez/Validado. Control de calidad MFF |
| 942 ## - ELEMENTOS DE PUNTO DE ACCESO ADICIONAL (KOHA) |
| Fuente del sistema de clasificación o colocación |
Dewey Decimal Classification |
| Tipo de ítem Koha |
Libro |